000 00778nam a2200205 i 4500
001 183065
003 ES-MaACL
005 20250830063111.0
008 140114s2013 sp |||| | spa d
080 _a821.134.2-14"19"
100 1 _aMuñoz Morales, Antonio Owen,
_d1953-
_9154178
245 1 1 _a"Lejos del mar" /
_cAntonio Owen Muñoz Morales ; [ilustraciones] María Isabel Riquelme Mazuecos.
260 _a[Alcázar de San Juan] :
_bAteneo de Alcázar de San Juan,
_cD.L. 2013.
300 _a127 p. :
_bil. ;
_c21 cm.
700 1 _aRiquelme Mazuecos, María Isabel.
_9154179
710 2 _aAteneo de Alcázar de San Juan.
_9154177
852 _aES-MaACL
_jA-13024
_9189999
_bR.149863
_cDEPO1
_dOlim: N-6024
942 _2udc
_cMONOGRAFIA
999 _c183065
_d183065